000 00958nam a2200229 a 4500
001 BRCA_7119
005 20190321142922.0
008 301211s1806----enka######---#000-0#eng-#
041 _aeng
044 _aenk
050 4 _b.C74 1807
100 1 _aCruikshank, George
_917694
245 1 0 _aFairburn´s laughable songster, or, Heigh cockolorum jig, for 1807, being an excellent collection of laughable, whimsical, original, fashionable and favorite songs, now singing and lately sung at the theatres Royal, Sadler´s Wells, Vauxhall, &c. ...
_cEmbellished with a laughable frontispiece of the laughing pair ´How I love to laugh´ - Grimaldi.
260 _aLondres
_bPublished by John Fairburn, 146, Minories
_c[1807]
300 _a48 p.
_bil. a color
_c18 cm.
500 _aEstado fisíco: hojas manchadas y rotas.
500 _aEx libris de: William Hartmann Woodin
500 _aO149
650 1 4 _aCanciones
_917695
902 _aGFM
942 _2lcc
_cB
999 _c6800
_d6800